Central Library OPAC University of Rajshahi

Teach yourself to fly / (Record no. 53332)

MARC details
000 -LEADER
fixed length control field 00755nam a2200265 a 4500
001 - CONTROL NUMBER
control field 53332
003 - CONTROL NUMBER IDENTIFIER
rucl marc code BD-RjUL
005 - DATE AND TIME OF LATEST TRANSACTION
control field 20211209075938.0
008 - FIXED-LENGTH DATA ELEMENTS--GENERAL INFORMATION
fixed length control field 190226s19521938enka 000 0 eng
035 ## - SYSTEM CONTROL NUMBER
System control number (BD-RjUL)53452
040 ## - CATALOGING SOURCE
Original cataloging agency DLC
Transcribing agency DSI
Modifying agency DLC
-- BD-RjUL
Language of cataloging eng
041 ## - LANGUAGE CODE
Language code of text/sound track or separate title eng
042 ## - AUTHENTICATION CODE
Authentication code premarc
082 ## - DEWEY DECIMAL CLASSIFICATION NUMBER
Edition number 23
Classification number 629.13252
Author mark and year TAT 1952
100 1# - MAIN ENTRY--PERSONAL NAME
Personal name Tangye, Nigel,
Dates associated with a name 1909-
9 (RLIN) 228612
245 10 - TITLE STATEMENT
Title Teach yourself to fly /
Statement of responsibility, etc. by Nigel Tangye, R. A. F. O.
250 ## - EDITION STATEMENT
Edition statement Completely rev.
260 ## - PUBLICATION, DISTRIBUTION, ETC. (IMPRINT)
Place of publication, distribution, etc. London :
Name of publisher, distributor, etc. The English universities press
Date of publication, distribution, etc. 1938, 1952
300 ## - PHYSICAL DESCRIPTION
Pagination 128 p.:
Illustrations illus.;
Size 19 cm.
500 ## - GENERAL NOTE
General note "First printed 1938."
650 #0 - SUBJECT ADDED ENTRY--TOPICAL TERM
Topical term or geographic name as entry element Airplanes
General subdivision Piloting.
9 (RLIN) 228613
942 ## - ADDED ENTRY ELEMENTS (KOHA)
Source of classification or shelving scheme Dewey Decimal Classification
Koha item type Books
Holdings
Lost status Source of classification or shelving scheme Damaged status Not for loan Collection code Permanent Location Current Location Shelving location Date acquired Cost, normal purchase price Total Checkouts Full call number Date last seen Copy number Koha item type
  Dewey Decimal Classification   Not For Loan Non-fiction Central Library, University of Rajshahi Central Library, University of Rajshahi Reading Room 30/07/1957 4.14   629.13252 TAT 1952 26/02/2019 C-1 Books